Vainqueur DFB Pokal - Statistiques

Statistiques générales
  • Ce quiz a été pris 73 fois
    60 depuis la dernière actualisation
  • Le résultat moyen est 24 sur 36
Statistiques - réponses
Hint Réponse % Correct
2019-20 Bayern Munich
100%
2018-19 Bayern Munich
100%
2015-16 Bayern Munich
100%
2013-14 Bayern Munich
100%
2012-13 Bayern Munich
100%
2009-10 Bayern Munich
100%
2007-08 Bayern Munich
100%
2005-06 Bayern Munich
100%
2004-05 Bayern Munich
100%
2002-03 Bayern Munich
100%
1999-00 Bayern Munich
100%
1997-98 Bayern Munich
100%
1985-86 Bayern Munich
100%
2020-21 Borussia Dortmund
100%
2016-17 Borussia Dortmund
100%
2011-12 Borussia Dortmund
100%
1988-89 Borussia Dortmund
100%
1992-93 Bayer Leverkusen 04
75%
2010-11 FC Schalke 04
74%
2001-02 FC Schalke 04
74%
2000-01 FC Schalke 04
74%
2014-15 Wolfsburg
72%
1986-87 Hambourg
60%
1994-95 Borussia Mönchengladbach
51%
1996-97 Stuttgart
51%
2017-18 Frankfurt
21%
1987-88 Frankfurt
21%
2008-09 Werder Bremen
21%
2003-04 Werder Bremen
21%
1998-99 Werder Bremen
21%
1993-94 Werder Bremen
21%
1990-91 Werder Bremen
21%
1995-96 FC Kaiserslautern
6%
1989-90 FC Kaiserslautern
6%
2006-07 FC Nuremberg
6%
1991-92 Hannover 96
4%
Aucun quiz correspondant
Distribution des résultats
% des personnes avec chaque résultat
Percentile par nombre de réponses
Votre historique - résultats
Vous n’avez pas pris ce quiz depuis la dernière actualisation